00624cam a22002171 450000100060000000300080000600500170001400800390003103500190007004000270008904100080011608200240012410000390014824500580018726000400024530000380028550000200032350400300034365000170037365000160039011001BD-RjUL20211208235043.0140125s1966 enka b 001 0 eng a(BD-RjUL)11050 aDLCcDLCdBD-RjULbeng aeng00a551.47022bPHD 19661 aPhillips, O. M.q(Owen M.),d1930-14aThe dynamics of the upper ocean /cby O. M. Phillips. aCambridge :bCambridge U.P.,c1966. avii, 261 p. :bdiagrs. ;c22 cm. aIncludes index. aBibliography: p. 244-255. 0aOcean waves. 0aTurbulence.